| 000 | 00591nam a2200169 u 4500 | ||
|---|---|---|---|
| 001 | 000020479 | ||
| 005 | 20200930011122.0 | ||
| 008 | 100809s1980 dr c r 000 0 spa d | ||
| 040 |
_aDO-SdBNP _bspa _cBNPHU |
||
| 082 |
_axxxx _bxxx |
||
| 245 | 0 | 0 |
_aParque Nacional del Este : _bplan de manejo / _cintroducción Merilio G. Morell ; fotografía Juan Alfonseca. |
| 260 |
_aSanto Domingo : _bDirección Nacional de Parques, _c1980. |
||
| 300 |
_a68 p. : _bretrs. ; _c20 cm. |
||
| 590 | _aInventariado, 2019/ YL | ||
| 700 | 1 | 2 |
_aMorell, Merilio G _eint. _921773 |
| 700 | 1 | 2 |
_aAlfonseca, Juan _efot. _943161 |
| 999 |
_c19983 _d19983 |
||